000 01471nab a2200253 a 4500
005 20250319180220.0
008 991125c2015 mx qr p o 000 0 spa d
035 _aUPN01000215728
040 _aUPN
_bspa
_cUPN
_eaacr2
049 _aART-E
100 1 _aRibes Iñesta, Emilio,
_6- eribes@uv.mx
245 0 1 _a¿Hermenéutica o heurística? : teoría de campo y conceptos aristotélicos : respuesta a Ricardo Pérez-Almonacid
506 0 _aAcceso abierto
520 3 _aSe destaca la dificultad de una interpretación fidedigna de los textos aristotélicos debido a la carencia de los originales, de la diversidad de las traducciones y de las diferencias lingüísticas y culturales que nos separan en tiempo. Se subraya que los tratados acerca del alma no son propiamente psicológicos, sino biológicos. A pesar de ello, han influido en el modelo lógico interconductual. Se expone como los conceptos aristotélicos sobre la causalidad tienen un valor heurístico importante para el análisis de proceso en la teoría de la conducta.
650 4 _aHermenéutica
_95799
650 2 _aCausalidad
_96519
653 0 _aHeurística
653 0 _aTextos aristotélicos
773 _gVol. 23, no. 1 (2015), p. 47-54
_tActa comportamentalia : revista latina de análisis del comportamiento
_x0188-8145
856 4 _uhttps://actacomportamentalia.cucba.udg.mx/index.php/acom/article/view/49608
902 _aGloria Jiménez/1124
905 _aArticulo
942 _cART-E
999 _c187828
_d187828